Vodnostĺpcové stroje v Smolníku a Zlatej Idke

Bibliographic Details
Main Author: Kladivík, Eugen, 1939- (Author)
Format: Article
Language:Slovak
PhysicalDescription:Obr. 6. Res. angl., nem., lit. 38 zázn. v slov.
Subjects:

MARC

LEADER 00000nab a2200000 a 4500
001 vtls000469685
003 SK-MaSNL
005 20260316130050.0
008 160204c1991 xo 0 slo
015 |a SNBRA19rr/mm-uuuuu 
035 |a CL0469818 
040 |a SNKBUCL  |b slo  |c SNKBUCL  |e AACR2 
041 0 |a slo 
044 |a xo  |c SK 
080 |a 904"18":622.531  |2 1981 
080 |a 622.531  |2 1981 
100 1 |a Kladivík, Eugen,  |d 1939-  |4 aut  |9 1634851 
245 1 0 |a Vodnostĺpcové stroje v Smolníku a Zlatej Idke  |c Eugen Kladivík 
300 |b Obr. 6. Res. angl., nem., lit. 38 zázn. v slov. 
650 0 7 |a technické pamiatky  |2 snkbucl  |9 21763 
650 0 7 |a stroje vodnostĺpcové  |2 snkbucl  |9 975301 
651 7 |a Smolník (Gelnica, Slovensko)  |2 snkbucl  |9 51207 
651 7 |a Zlatá Idka (Slovensko)  |2 snkbucl  |9 20250 
655 7 |a články zo zborníkov  |2 snkbucl  |9 166140 
773 0 |t Zborník Banského múzea 15  |d Martin : Osveta, 1991  |g S. 169-187 
850 |a Slovenská národná knižnica v Martine  |a MTA001 
852 |a SNK  |b KIS3GCP 
958 |a NB 
958 |a RK 
992 |a RZB 
999 |c 1560121  |d 1562051